000 01303cam a2200289 i 4500
001 24134
003 BD-RjUL
005 20211209001020.0
008 140312s1978 miu 000 0deng
020 _a0810300407
035 _a(BD-RjUL)24200
040 _aDLC
_cDLC
_dBD-RjUL
_beng
041 _aeng
082 0 0 _a809.043
_bWHO V-2 1978
245 0 0 _aWho was who among English and European authors, 1931-1949 :
_bbased on entries which first appeared in The Author's and writer's who's who & reference guide originally compiled by Edward Martell and L.G. Pine and in Who's who among living authors of older nations /
_cOriginally compiled by Alberta Lawrence.
_nVolume 2 :
_pG-M.
260 _aDetroit :
_bGale Research Co.,
_cc1978.
300 _a543-1034 p. ;
_c24 cm.
650 0 _aEuropean literature
_y20th century
_xBio-bibliography
_xDictionaries.
_974354
650 0 _aEnglish literature
_z20th century
_xBio-bibliography
_xDictionaries.
_974355
650 0 _aAuthors, European
_y20th century
_xBiography
_xDictionaries.
_969863
650 0 _aAuthors, English
_y20th century
_xBiography
_xDictionaries.
_974356
942 _2ddc
_cBK
999 _c24134
_d24134